Centralized power : an examination of the effects of centralized and decentralized electric generating systems on the political authorities of local governments /

Bibliographic Details
Main Author: Messing, Marc
Other Authors: Friesema, H. Paul, 1936-2013, Morell, David
Format: Book
Language:English
Published: Washington, D.C. : Environmental Policy Institute, 1979.
Subjects:

MARC

Tag First Indicator Second Indicator Subfields
LEADER 00000cam a2200000 a 4500
001 in00000071623
005 20151008062321.0
008 810424s1979 dcua b 00010 eng d
035 |a (OCoLC)07363991 
035 |9 AAJ9963AM 
040 |a LUS  |c LUS  |d OCL  |d TXA  |d UtOrBLW 
043 |a n-us--- 
049 |a TXAM  |c [1481452] 
090 |a HD9685.U5  |b M39 1979a 
100 1 |a Messing, Marc. 
245 1 0 |a Centralized power :  |b an examination of the effects of centralized and decentralized electric generating systems on the political authorities of local governments /  |c Marc Messing, H. Paul Friesema, David Morell. 
264 1 |a Washington, D.C. :  |b Environmental Policy Institute,  |c 1979. 
300 |a xvii, 20l, 10 unnumbered pages :  |b illustrations ;  |c 28 cm. 
336 |a text  |b txt  |2 rdacontent 
337 |a unmediated  |b n  |2 rdamedia 
338 |a volume  |b nc  |2 rdacarrier 
500 |a Cover title. 
504 |a Bibliography: pages [202-211]. 
650 0 |a Electric utilities  |z United States. 
650 0 |a Electric power-plants  |x Environmental aspects  |z United States. 
650 0 |a Electric power systems. 
700 1 |a Friesema, H. Paul,  |d 1936-2013. 
700 1 |a Morell, David. 
999 |a MARS 
999 f f |s cd2fb6b3-a260-380e-ba37-0bd807f369eb  |i 34a893fb-b16b-32d0-a6de-13d32eb49c3f  |t 0 
952 f f |p ric  |a Texas A&M University  |b Rellis Campus  |c Joint Library Facility  |d Remote Storage  |t 0  |e HD9685.U5 M39 1979a  |h Library of Congress classification  |i unmediated -- volume  |m A14806131822 
998 f f |a HD9685.U5 M39 1979a  |t 0  |l Remote Storage